Quiz sur le 10e arrondissement de Paris - Statistiques

Statistiques générales
  • Ce quiz a été pris 32 fois
    9 depuis la dernière actualisation
  • Le résultat moyen est 12 sur 20
Statistiques - réponses
Question Réponse % Correct
Quelle gare est la troisième mondiale et première européenne en terme de fréquentation ? Gare du Nord
89%
Quel pays rappelle la façade du cinéma Le Louxor, édifié en 1921 ? L'Égypte
89%
Quelle troupe de théâtre, dont le théâtre est situé rue Faubourg-Saint-Martin depuis 1981, est connue pour avoir joué dans les films Les Bronzés, Le père Noël est une ordure et Papy fait de la résistance ? Le Splendid
89%
Quelle victoire de Napoléon III en Italie, dont le nom rappelle une couleur, donne son nom à un boulevard qui traverse l'arrondissement ainsi qu'à une station du RER E ? Magenta
89%
Quelle place, portant le nom d'une bataille soviétique, est tristement célèbre pour être un lieu principal de trafic de crack ? Place de la Bataille-de-Stalingrad
89%
Quelle grande ville française donne également son nom à un boulevard de l'arrondissement, principalement pour sa proximité avec la gare de l'Est ? Strasbourg
89%
Quelle émission présentée par l'humoriste Jamel Debbouze et tournée dans le 10e arrondissement, a révélé plusieurs comédiens comme Thomas N'Gijol, Fabrice Éboué ou encore Blanche Gardin ? Le Jamel Comedy Club
78%
Sous quel roi furent érigées les portes Saint-Denis et Saint-Martin, arcs de triomphes construits par François Blondel ? Louis XIV
78%
Quel homme de lettre français, connu pour ses écrits érotiques cruels et à l'origine du "sadisme", fut incarcéré dans la prison Saint-Lazare (ancienne léproserie) pendant la Révolution ? Marquis de Sade
78%
Quel quartier situé autour de la rue éponyme regorge de salons de beauté africains et de vendeurs ambulants ? Château d'Eau
67%
Quel inventeur et musicien aveugle panthéonisé, ayant inventé un système d'écriture pour les aveugles, fut titulaire de l'orgue de l'église Saint-Vincent-de-Paul ? Louis Braille
67%
Quelle récompense fut remportée pour la première fois en 1901 par le poète Sully Prudhomme, né rue du Faubourg Poissonière ? Le prix Nobel de littérature
56%
Nom de l'arrondissement Entrepôt
44%
Quel président de la IIIe République, "qui voulut être César mais ne fut que Pompée", est né au 65 Faubourg Saint-Denis ? Félix Faure
33%
Quartiers administratifs Hôpital-Saint-Louis
33%
Quel neurologue français, donnant son nom à la sclérose latérale amyotrophique (SLA), a étudié à l'hôpital Saint-Louis ? Jean-Martin Charcot
33%
Quartiers administratifs Saint-Vincent-de-Paul
33%
Le nom de l'arrondissement fait référence à cet ancien établissement qui stockait les marchandises venant de pays extérieurs, situé rue Léon-Jouhaux (aujourd'hui Chambre de commerce de Paris) L'entrepôt des douanes
22%
Quartiers administratifs Porte-Saint-Denis
22%
Quartiers administratifs Porte-Saint-Martin
22%
Aucun quiz correspondant
Distribution des résultats
% des personnes avec chaque résultat
Percentile par nombre de réponses
Votre historique - résultats
Vous n’avez pas pris ce quiz depuis la dernière actualisation